Data in Brief

Enregistré dans:
Détails bibliographiques
Format: Publication en série
Langue:anglais
Publié: Amsterdam Elsevier Science Publishers B.V.
Tags: Ajouter un tag
Pas de tags, Soyez le premier à ajouter un tag!

MARC

LEADER 00000nls a2200000 4500
001 0278306
005 20250701092128.1
022 |a 2352-3409 
041 0 |a eng 
044 |a NL 
245 1 0 |a Data in Brief 
264 1 |a Amsterdam  |b Elsevier Science Publishers B.V.